| 000 | 00945nam a2200289 a 4500 | ||
|---|---|---|---|
| 008 | |||
| 020 | _a9780124081321 (hardback) | ||
| 040 |
_aNUST _cNUST |
||
| 049 | _aMAIN | ||
| 090 |
_aTK1365 _bPOV |
||
| 100 | 1 | _aPovinec, P. Pavel. | |
| 245 | 1 | 0 |
_aFukusima accident: _bradioactivity impact on the environment / _cPavel P. Povinec, Katsiumi Herose [and] Michiyo Aoyama |
| 260 |
_aAmsterdam: _bElsevier, _c2013 |
||
| 300 |
_axiii, 371 pages : _billustrations ; _c 24 cm |
||
| 336 |
_atext _btxt _2rdacontent |
||
| 337 |
_aunmediated _b2rdamedia |
||
| 338 |
_avolume _2rdacarrier |
||
| 504 | _aIncludes bibliographical references | ||
| 500 | _aIncludes index | ||
| 650 | _aFukushima nuclear disaster | ||
| 650 | _aenvironmental pollution | ||
| 650 | 1 | _aRadioactivity pollution | |
| 907 |
_a.b10399987 _b24-03-21 _c23-03-21 |
||
| 003 | |||
| 005 | 20230123141147.0 | ||
| 942 |
_cBOOKS _kTK1365 _mPOV |
||
| 999 |
_c168705 _d168705 |
||